|
|
|
|
| LEADER |
01721nam a2200253 i 4500 |
| 003 |
GR-PaULI |
| 005 |
20210730124333.0 |
| 008 |
210730s2019 g ae||g r||| 00| 0 gre d |
| 952 |
|
|
|0 0
|1 0
|2 ddc
|4 0
|6 720_288000000000000_ΕΡΓ
|7 0
|9 327393
|a LISA
|b LISA
|c BSC
|d 2021-07-30
|i 16229
|l 0
|o 720.288 ΕΡΓ
|p 025000267942
|r 2021-07-30 00:00:00
|t 1
|w 2021-07-30
|y BK15
|
| 999 |
|
|
|c 183599
|d 183599
|
| 020 |
|
|
|a 9789603864271
|
| 040 |
|
|
|a GR-PaULI
|b gre
|c GR-PaULI
|d GR-AiPI
|e AACR2
|
| 041 |
0 |
|
|a gre
|
| 082 |
0 |
4 |
|a 720.288
|2 23
|
| 245 |
0 |
3 |
|a Το έργο της Εφορείας Αρχαιοτήτων Λακωνίας κατά το έτος 2019 /
|c [γενικός συντονισμός: Ευαγγελία Πάντου ; επιμέλεια κειμένων Ευαγγελία Ελευθερίου ].
|
| 260 |
|
|
|a Σπάρτη :
|b Υπουργείο Πολιτισμού και Αθλητισμού :
|b Εφορεία Αρχαιοτήτων Λακωνίας,
|c 2019.
|
| 300 |
|
|
|a 47 σ. :
|b εικ. ;
|c 24 εκ.
|
| 650 |
|
4 |
|9 22444
|a Ανασκαφές (Αρχαιολογία)
|z Ελλάδα
|z Λακωνία (Νομός).
|
| 650 |
|
4 |
|9 11906
|a Μνημεία
|x Συντήρηση και αποκατάσταση
|z Ελλάδα
|z Λακωνία (Νομός)
|
| 700 |
1 |
|
|9 186914
|a Πάντου, Ευαγγελία
|e συντονίστρια.
|
| 700 |
1 |
|
|9 108015
|a Ελευθερίου, Ευαγγελία Π.
|e επιμελήτρια.
|
| 710 |
2 |
|
|9 186915
|a Υπουργείο Πολιτισμού και Αθλητισμού
|b Γενική Διεύθυνση Αρχαιοτήτων και Πολιτιστικής Κληρονομιάς.
|b Εφορεία Αρχαιοτήτων Λακωνίας.
|
| 942 |
|
|
|2 ddc
|c BK15
|
| 998 |
|
|
|c ΚΟΚΟΤΟΥ
|d 2021-07
|